00538nam a2200181Ia 450000500170000000800410001702000150005805000220007310000380009524500800013325000190021326000330023230000180026533600100028333700140029333800120030765000370031920231102150852.0120626s2004 mx 000 0 spa d a9700752453 aHB171.5bD65 2004 aDomínguez Vargas, Sergioeautor aTeoría económicab: nociones elementales c / Sergio Domínguez Vargas a21a. edición aMéxicob: Porrúac, 2004 a309 páginas atexto asin medio avolumen aTEORÍA ECONÓMICAxECONOMÍA